Presidentes do Brasil - Statistics

Estatísticas Gerais
  • Esse quiz foi jogado 4 983 vezes
    4 927 desde o último reset
  • A pontuação média é 27 de 43
Estatísticas das Respostas
Mandato Presidente % Correto
2019-2022 Jair Bolsonaro
97%
2003-2011 Luiz Inácio Lula da Silva
97%
2011-2016 Dilma Rousseff
96%
2023-ATUAL Luiz Inácio Lula da Silva
95%
1930-1945 Getúlio Vargas
94%
1951-1954 Getúlio Vargas
94%
2016-2019 Michel Temer
94%
1889-1891 Deodoro da Fonseca
93%
1990-1992 Fernando Collor
89%
1995-2003 Fernando Henrique Cardoso
88%
1956-1961 Juscelino Kubitschek
85%
1961-1964 João Goulart
80%
1891-1894 Floriano Peixoto
79%
1961 Jânio Quadros
78%
1964-1967 Humberto Castelo Branco
75%
1992-1995 Itamar Franco
75%
1985-1990 José Sarney
73%
1969-1974 Emílio Garrastazu Médici
69%
1967-1969 Artur da Costa e Silva
67%
1974-1979 Ernesto Geisel
62%
1946-1951 Eurico Gaspar Dutra
62%
1979-1985 João Figueiredo
62%
1954-1955 Café Filho
61%
1985 Tancredo Neves
60%
1926-1930 Washington Luís
58%
1894-1898 Prudente de Morais
53%
1910-1914 Hermes da Fonseca
50%
1909-1910 Nilo Peçanha
49%
1898-1902 Campos Sales
45%
1914-1918 Venceslau Brás
42%
1906-1909 Afonso Pena
41%
1919-1922 Epitácio Pessoa
41%
1961 Ranieri Mazzilli
39%
1964 Ranieri Mazzilli
39%
1922-1926 Artur Bernardes
38%
1930 Júlio Prestes
38%
1918 Rodrigues Alves
38%
1955 Carlos Luz
37%
1945-1946 José Linhares
36%
1902-1906 Rodrigues Alves
36%
1955-1956 Nereu Ramos
33%
1918-1919 Delfim Moreira
30%
1969 Pedro Aleixo
21%
Nenhum quiz correspondente encontrado
Distribuição das Pontuações
Porcentagem de Pessoas com Cada Pontuação
Percentil de Números Respondidos
Sua Pontuação Histórica
Você não jogou esse quiz desde o último reset